000 00733nam a2200217 i 4500
001 122307
003 ES-MaACL
005 20260315204633.0
007 t|
008 070524s1929 sp a |||| | spa d
080 _a821.134.2-22"19"
100 1 _aBenavente, Jacinto,
_d1866-1954
_927443
245 1 0 _aPara el cielo y los altares
_b: drama en tres actos, divididos en trece cuadros y un epĂ­logo, y en prosa [sic] /
_cJacinto Benavente ; dibujos de Alonso.
260 _aMadrid :
_bEstampa,
_c1929.
300 _a57 p. :
_bil. ;
_c16 cm.
490 1 _aLa farsa ;
_v104
700 0 _aAlonso
_c(ilustrador)
_920301
830 0 _aLa farsa ;
_v104
_9185863
852 _aES-MaACL
_jG-8823(3)
999 _c122307
_d122307